kku e-library facility

Vom Christian Hospital Centenary (Record no. 19)

MARC details
000 -LEADER
fixed length control field 00410man a2200121 a 4500
008 - FIXED-LENGTH DATA ELEMENTS--GENERAL INFORMATION
fixed length control field 06
100 ## - MAIN ENTRY--PERSONAL NAME
Personal name DR.Dachung,Fred.
Titles and words associated with a name Vom Christian Hospital Centenary 100years
Dates associated with a name 16-11-2024
Language of a work English
245 ## - TITLE STATEMENT
Title Vom Christian Hospital Centenary
260 ## - PUBLICATION, DISTRIBUTION, ETC.
Place of publication, distribution, etc. Plateau:
Name of publisher, distributor, etc. DR.Fredrick Dachung,
Date of publication, distribution, etc. 2024
Place of manufacture Jos south Plateau State Nigeria
Manufacturer Vom Christain Hospital
Date of manufacture 2024
300 ## - PHYSICAL DESCRIPTION
Extent 100ps.
Dimensions 20cm
942 ## - ADDED ENTRY ELEMENTS (KOHA)
Source of classification or shelving scheme Dewey Decimal Classification
Call number prefix 3824

No items available.

©2025 All rights reserved. KKU